| 000 | 00575nam a22002177a 4500 | ||
|---|---|---|---|
| 005 | 20251108174531.0 | ||
| 008 | 250721s9999 xx 000 0 eng d | ||
| 020 | _a1846463165 | ||
| 082 | 1 | 4 | _aJ/372.6/GIF |
| 100 | 1 |
_aGIFFORD, CLIVE _eمؤلف |
|
| 245 | 1 | 4 | _aThe Hairy Bear Scare / |
| 264 | 1 |
_aLONDON : _bLADYBIRD BOOKS, _c[200-]. |
|
| 300 | _a35.p | ||
| 490 | 0 | _aphonics | |
| 650 | 1 | 7 | _aCHILDREN |
| 650 | 1 | 7 | _aSTORIES |
| 653 | _aاطفال مرحله متوسطه (6-9) سنوات | ||
| 700 | 1 |
_aHOLMES, STEPHEN _eIllus. |
|
| 942 |
_2ddc _cBK |
||
| 999 |
_c111596 _d111596 |
||